书目信息 |
| 题名: |
《中华人民共和国公务员法》教程
|
|
| 作者: | 张柏林 主编 | |
| 分册: | ||
| 出版信息: | 中国人事出版社、党建读物出版社出版发行 2005 |
|
| 页数: | 371页 | |
| 开本: | 20cm | |
| 丛书名: | ||
| 单 册: | ||
| 中图分类: | D922.11 | |
| 科图分类: | ||
| 主题词: | 法律--中国 | |
| 电子资源: | ||
| ISBN: | 7-80189-349-2 | |
| 000 | 00646nam0 2200193 450 | |
| 001 | 0651973611 | |
| 005 | 20061010142904.01 | |
| 010 | @a7-80189-349-2@dCNY25.00 | |
| 100 | @a20061010d2005 km y0chiy0120 ea | |
| 101 | 0 | @achi |
| 200 | 1 | @a《中华人民共和国公务员法》教程@A《zhong hua ren min gong he guo gong wu yuan fa》jiao cheng@f张柏林主编@Fzhang bai lin zhu bian |
| 210 | @c中国人事出版社、党建读物出版社出版发行@d2005 | |
| 215 | @a371页@d20cm | |
| 300 | @a中组部人事部指定公务员法学习培训用书 | |
| 606 | 0 | @a法律@x中国 |
| 690 | @aD922.11@v3 | |
| 701 | 0 | @a张柏林@Azhang bai lin@4主编 |
| 801 | 0 | @aCN@bPFT@c20061010 |
| 905 | @a10447@dD922.11@e478 | |
| 《中华人民共和国公务员法》教程/张柏林主编.-中国人事出版社、党建读物出版社出版发行,2005 |
| 371页;20cm |
| 中组部人事部指定公务员法学习培训用书 |
| ISBN 7-80189-349-2:CNY25.00 |
| ● |
| 相关链接 |
|
|
|
|
正题名:《中华人民共和国公务员法》教程
索取号:D922.11/478
 
预约/预借
| 序号 | 登录号 | 条形码 | 馆藏地/架位号 | 状态 | 备注 |
| 1 | 0494461 | 204944613 | 密集书库/ [索取号:D922.11/478] | 在馆 |